Sociología

I tiakina i:
Ngā taipitopito rārangi puna kōrero
Ngā kaituhi matua: Macionis, John J. (autor), Plummer, Ken (Author)
Hōputu: Pukapuka
Reo:Pāniora
I whakaputaina: Madrid Pearson Educación S.A 2007
Putanga:3a. ed
Ngā marau:
Ngā Tūtohu: Tāpirihia he Tūtohu
Kāore He Tūtohu, Me noho koe te mea tuatahi ki te tūtohu i tēnei pūkete!

MARC

LEADER 00000nam a2200000 a 4500
001 UCH3480
003 CL-VaPUC
005 20231221091348.0
008 090730e20070000SP |||||||||||||||||spa|d
999 |c 335015  |d 335013 
020 |a 9788420550305 
040 |c Pontificia Universidad Católica de Valparaíso 
082 0 4 |a 301  |b MAC  |2 21 
100 |a Macionis, John J.  |e autor  |9 538832 
245 1 0 |a Sociología 
250 |a 3a. ed 
260 |a Madrid  |b Pearson Educación S.A  |c 2007 
300 |a 744 p 
583 |a last modification  |c 20090730 00:00:00  |k Rodrigo Vera 
650 0 |a Cultura  |9 269059 
650 0 |a Desigualdad social  |9 349409 
650 0 |a Sociología  |9 886631  |x Metodología 
650 0 |a Medios de comunicación social  |9 886765  |x Aspectos sociales 
650 0 |a Sexualidad  |9 886769  |x Aspectos sociales 
700 0 |a Plummer, Ken  |e author  |9 538833 
942 |c BK  |2 ddc 
945 |d 20090730 00:00:00  |a dcastane 
952 |0 0  |1 0  |4 0  |6 301_000000000000000_MAC_2007  |7 0  |8 R  |9 424510  |a BIBENE  |b BIBENE  |d 2019-11-22  |i 4580982  |o 301 MAC 2007  |p 4580982  |r 2025-01-15  |w 2019-11-22  |y BK_R  |k ICO 
952 |0 0  |1 0  |4 0  |6 301_000000000000000_MAC_2007  |7 0  |8 R  |9 424511  |a BIBENE  |b BIBENE  |d 2019-11-22  |i 4661125  |o 301 MAC 2007  |p 4661125  |r 2025-01-15  |w 2019-11-22  |y BK_R  |k ICO